000
00311nam a2200121Ia 4500
008
190216s9999||||xx |||||||||||||| ||und||
100
_a
"Smit,Walter Andalbrecht"
245
0
_a
Fundamental Concepts Of Analysis
260
_b
Pentice Hall Of India
_c
1978
300
_a
190p
650
_a
Mathematics
942
_c
BK
999
_c
30644
_d
30644